00421cam a2200169ua 4500001000500000005001700005008003900022040000900061082001100070100001600081245004600097250000900143260003600152300001700188653001400205653003200219364120260515113717.0111125n ii |||gr||||Z||||||eng cMAIN a370.54 aRai, B. C.,11aHistory of indian educationcby B. C. Rai a1st. aLucknow:bPrakashan Kendra,996. a189p:c23cm. aEducation aHistory of indian education